LEADER 01420nam1-2200433---450- 001 990001074870203316 005 20020506101728.0 035 $a000107487 035 $aUSA01000107487 035 $a(ALEPH)000107487USA01 035 $a000107487 100 $a20020506f1994----|||y0itay01 ba 101 $aita 102 $aIT 105 $ay|||z|||001yy 200 1 $aIgiene e medicina preventiva$fS. Barbuti ... [et al.] 210 $aBologna$cMonduzzi$d1994- 215 $av.$d25 cm 463 \1$1001990001074890203316$12001 $a<> Igiene, metodologia epidemiologica ed epidemiologia clinica 463 \1$1001990001074910203316$12001 $a<> Igiene, sanitŕ pubblica, igiene ambientale e medicina di comunitŕ 606 $aIgiene pubblica 606 $aEpidemiologia 606 $aMedicina preventiva 676 $a614 702 1$aBARBUTI,$bSalvatore 801 0$aIT$bBNI$c20000922$gRICA 912 $a990001074870203316 951 $a614$bFAR 959 $aBK 969 $aFAR 979 $aCHIARA$b90$c20020506$lUSA01$h1003 979 $aCHIARA$b90$c20020506$lUSA01$h1005 979 $aCHIARA$b90$c20020506$lUSA01$h1007 979 $aCHIARA$b90$c20020506$lUSA01$h1014 979 $aCHIARA$b90$c20020506$lUSA01$h1016 979 $aCHIARA$b90$c20020506$lUSA01$h1017 979 $aPATRY$b90$c20040406$lUSA01$h1714 996 $aIgiene e medicina preventiva$9146075 997 $aUNISA LEADER 00892nam0-22003131i-450- 001 990001884310403321 005 20100126134106.0 035 $a000188431 035 $aFED01000188431 035 $a(Aleph)000188431FED01 035 $a000188431 100 $a20030910d2000----km-y0itay50------ba 101 0 $afre 102 $aIT 105 $ay-------001yy 200 1 $aManuel de pratiques intégree de gestion et de conservation des sols$fFAO 210 $aRoma$cFAO$d2000 215 $aXII, 208 p.$d30 cm 225 1 $aBulletin des terres et des eaux de la FAO$v8 610 0 $aSuolo 676 $a631.41 710 02$aFAO$017670 801 0$aIT$bUNINA$gRICA$2UNIMARC 901 $aBK 912 $a990001884310403321 952 $a60 COLL. FAO 32/8$fFAGBC 959 $aFAGBC 996 $aManuel de pratiques intégree de gestion et de conservation des sols$9403647 997 $aUNINA